[Event "Decin Treybal op"]
[Site "Decin"]
[Date "2006.03.20"]
[Round "9"]
[White "Jersak, Jiri"]
[Black "Libal, Frantisek"]
[Result "0-1"]
[WhiteElo "1754"]
[BlackElo "2002"]
[PlyCount "60"]
[EventDate "2006.01.23"]
[EventType "swiss"]
[EventRounds "9"]
[EventCountry "CZE"]
[SourceTitle "EXT 2008"]
[Source "ChessBase"]
[SourceDate "2007.11.25"]
[SourceVersion "1"]
[SourceVersionDate "2007.11.25"]
[SourceQuality "1"]

1. d4 Nf6 2. c4 e6 3. Nc3 c5 4. e3 b6 5. Nf3 Be7 6. Be2 0-0 7. 0-0 Bb7 8. a3 d5 9. cxd5 exd5 10. dxc5 bxc5 11. Qb3 Qc8 12. Rd1 Nbd7 13. Bd2 Rb8 14. Qc2 Bc6 15. Rab1 Qc7 16. Rdc1 Rfc8 17. Ba6 Bb7 18. Bxb7 Qxb7 19. Qf5 Qc6 20. h3 Rb6 21. Ne5 Nxe5 22. Qxe5 Bd6 23. Qf5 Rcb8 24. Qc2 Qb7 25. Na4 Rb5 26. f3 Qe7 27. Qf5 Be5 28. b4 c4 29. Bc3 d4 30. Ba1 Bh2+ 0-1

[Event "Decin Treybal op"]
[Site "Decin"]
[Date "2006.03.06"]
[Round "7"]
[White "Varta, Jiri"]
[Black "Jersak, Jiri"]
[Result "1-0"]
[WhiteElo "1772"]
[BlackElo "1754"]
[PlyCount "67"]
[EventDate "2006.01.23"]
[EventType "swiss"]
[EventRounds "9"]
[EventCountry "CZE"]
[SourceTitle "EXT 2008"]
[Source "ChessBase"]
[SourceDate "2007.11.25"]
[SourceVersion "1"]
[SourceVersionDate "2007.11.25"]
[SourceQuality "1"]

1. d4 d5 2. Nf3 c6 3. c4 Nf6 4. Nc3 Bf5 5. e3 e6 6. Be2 Nbd7 7. a3 dxc4 8. Bxc4 Be7 9. Bd2 0-0 10. Qe2 Re8 11. e4 Bg4 12. 0-0 c5 13. Be3 Rc8 14. Rad1 cxd4 15. Bxd4 Qc7 16. Ba2 a6 17. Rd3 Nc5 18. Bxc5 Bxc5 19. h3 Bh5 20. Kh1 Ba7 21. Rfd1 Rcd8 22. Bb1 Rxd3 23. Qxd3 Bg6 24. Qe2 Rd8 25. Rxd8+ Qxd8 26. e5 Bxb1 27. exf6 Qd3 28. Qe1 Bc2 29. fxg7 Kxg7 30. Ne5 Qf5 31. Ng4 Bb8 32. Qd2 h5 33. Qh6+ Kg8 34. Nf6+ 1-0